000 00662nam a22002177a 4500
003 UA-OsUOA
001 78856
007 ta
008 20111024b un ||||| |||| 00| 0 ukr d
090 _a821.161.2-1:930.25
_bЗ-14
942 _cBK
040 _aUA-OsUOA
_bukr
_cUA-OsUOA
_dUA-OsUOA
245 _aЗаглянем історії в вічі
_bдо 70-річчя Державного архіву Рівненської області
300 _a38 с.
955 _a3
041 _aukr
080 _a821.161.2-1:930.25
260 _aРівне
_c2010
650 7 _a82 Література. Літературознавство
_2UDC
999 _c365170
_d365170